| 000 | 00426nam a2200169Ia 4500 | ||
|---|---|---|---|
| 005 | 20250305003039.0 | ||
| 008 | 240331s9999 xx 000 0 und d | ||
| 020 | _a9555800839 | ||
| 082 |
_bRAN _a891 |
||
| 100 | _aRanasinghe,A | ||
| 245 | 0 | _aKumana anduru mohothakada | |
| 260 |
_aColombo _bInternational Centre For Ethnic Studies _c2003 |
||
| 300 | _a230 p ., | ||
| 650 | _aPoems | ||
| 650 | _aShort Stories | ||
| 942 | _cL | ||
| 999 |
_c4869 _d4869 |
||